000 00719nam a2200193Ia 4500
008 151121s9999||||xx |||||||||||||| ||und||
082 _a814/पवार
082 _bHNW-71702
100 _aपवार गो। मा।
245 _aसाहित्यमूल्य आणि अभिरुची
260 _b"साके त प्रकाशन, औरंगाबाद।"
260 _c--
300 _a218
600 _aपवार गो। मा।
630 _aसाहित्यमूल्य आणि अभिरुची
700 _aपवार गो। मा।
730 _aसाहित्यमूल्य आणि अभिरुची
942 _cBOOK
999 _c1253170
_d1253167